000 00340cam a2200169ua 4500
001 9131
008 150221n ii |||gr||||Z||||||eng
040 _cMAIN
041 _aeng
082 _a823
245 1 _aVistas
250 _a1st.
260 _aGuwahati:
_bAssam,
_c2011.
300 _a100p.
653 _aEnglish fiction
942 _cBK
999 _c8203
_d8203